Mathematical analysis and numerical methods for science and technology : (Record no. 63787)

000 -LEADER
fixed length control field 00988 a2200265 4500
020 ## - INTERNATIONAL STANDARD BOOK NUMBER
International Standard Book Number 354066100X
020 ## - INTERNATIONAL STANDARD BOOK NUMBER
International Standard Book Number 9783540661009
082 04 - DEWEY DECIMAL CLASSIFICATION NUMBER
Classification number 515
090 ## - LOCALLY ASSIGNED LC-TYPE CALL NUMBER (OCLC); LOCAL CALL NUMBER (RLIN)
-- 556
-- 556
100 1# - MAIN ENTRY--PERSONAL NAME
Personal name Dautray, Robert.
245 10 - TITLE STATEMENT
Title Mathematical analysis and numerical methods for science and technology :
Remainder of title .
Number of part/section of a work Volume 4 :
Remainder of title integral equations and numerical methods /
Statement of responsibility, etc. Robert Dautray, Jacques-Louis Lions, J.C. Amson, M. Artola, P. Benilan, M. Bernadou, M. Cessenat, J.-C. Nedelec, J. Planchard, B. Scheurer.
260 ## - PUBLICATION, DISTRIBUTION, ETC.
Place of publication, distribution, etc. [S.l.] :
Name of publisher, distributor, etc. Springer,
Date of publication, distribution, etc. 1990.
300 ## - PHYSICAL DESCRIPTION
Extent 504 p. ;
Dimensions 24 cm.
700 1# - ADDED ENTRY--PERSONAL NAME
Personal name Lions, Jacques-Louis.
700 1# - ADDED ENTRY--PERSONAL NAME
Personal name Amson, J.C.
700 1# - ADDED ENTRY--PERSONAL NAME
Personal name Artola, M.
700 1# - ADDED ENTRY--PERSONAL NAME
Personal name Benilan, P.
700 1# - ADDED ENTRY--PERSONAL NAME
Personal name Bernadou, M.
700 1# - ADDED ENTRY--PERSONAL NAME
Personal name Cessenat, M.
700 1# - ADDED ENTRY--PERSONAL NAME
Personal name Nedelec, J.-C.
700 1# - ADDED ENTRY--PERSONAL NAME
Personal name Planchard, J.
700 1# - ADDED ENTRY--PERSONAL NAME
Personal name Scheurer, B.
942 ## - ADDED ENTRY ELEMENTS (KOHA)
Institution code [OBSOLETE] SNS
Koha item type Book
Call number prefix 530 DAU
Holdings
Withdrawn status Lost status Source of classification or shelving scheme Damaged status Not for loan Permanent Location Current Location Shelving location Date acquired Source of acquisition Cost, normal purchase price Total Checkouts Full call number Barcode Date last seen Cost, replacement price Price effective from Koha item type
          Pakistan Navy Engineering College (PNEC) Pakistan Navy Engineering College (PNEC)   07/18/2005 Progressive International Agency / Library Grant 4205.00   515 DAU PNECLIB-027418 06/25/2015 4205.00 07/18/2005 Book
© 2023 Central Library, National University of Sciences and Technology. All Rights Reserved.